Central Library OPAC University of Rajshahi

An Emerson Reader / (Record no. 18977)

MARC details
000 -LEADER
fixed length control field 00589nam a22002057a 4500
001 - CONTROL NUMBER
control field 18977
003 - CONTROL NUMBER IDENTIFIER
rucl marc code BD-RjUL
005 - DATE AND TIME OF LATEST TRANSACTION
control field 20211209000351.0
008 - FIXED-LENGTH DATA ELEMENTS--GENERAL INFORMATION
fixed length control field 140223s1965 ii ||||| |||| 00| 0 eng d
035 ## - SYSTEM CONTROL NUMBER
System control number (BD-RjUL)19035
040 ## - CATALOGING SOURCE
Original cataloging agency BD-RjUL
Language of cataloging eng
Transcribing agency BD-RjUL
041 ## - LANGUAGE CODE
Language code of text/sound track or separate title eng
082 04 - DEWEY DECIMAL CLASSIFICATION NUMBER
Classification number 810.08
Author mark and year EME 1965
245 ## - TITLE STATEMENT
Title An Emerson Reader /
Statement of responsibility, etc. Ed. by Nissim, Ezekiel
260 ## - PUBLICATION, DISTRIBUTION, ETC. (IMPRINT)
Place of publication, distribution, etc. Bombay :
Name of publisher, distributor, etc. Popular Prakashan,
Date of publication, distribution, etc. 1965.
300 ## - PHYSICAL DESCRIPTION
Pagination xvii, 288 p. :
Illustrations [1] leaf of plates : port. ;
Size 23 cm.
650 ## - SUBJECT ADDED ENTRY--TOPICAL TERM
Topical term or geographic name as entry element An Emerson Reader
9 (RLIN) 58501
700 1# - ADDED ENTRY--PERSONAL NAME
Personal name Ezekiel, Nissim,
942 ## - ADDED ENTRY ELEMENTS (KOHA)
Source of classification or shelving scheme Dewey Decimal Classification
Koha item type Books
Holdings
Lost status Source of classification or shelving scheme Damaged status Not for loan Collection code Permanent Location Current Location Shelving location Date acquired Source of acquisition Total Checkouts Total Renewals Full call number Date last seen Date checked out Copy number Koha item type
  Dewey Decimal Classification     Non-fiction Central Library, University of Rajshahi Central Library, University of Rajshahi   14/07/1976 U.S.I.S Gift 3 1 810.08 EME 1965 07/01/2019 20/12/2018 C-2 Books
  Dewey Decimal Classification     Non-fiction Central Library, University of Rajshahi Central Library, University of Rajshahi   02/07/1976 U.S.I.S Gift     810.08 EME 1965 23/02/2014   C-3 Books
  Dewey Decimal Classification   Not For Loan Non-fiction Central Library, University of Rajshahi Central Library, University of Rajshahi Reading Room 14/08/1975 USIS Dhaka     810.08 EME 1965 04/02/2020   C-1 Books
  Dewey Decimal Classification     Non-fiction Central Library, University of Rajshahi Central Library, University of Rajshahi   02/07/1976 USIS Dhaka     810.08 EME 1965 04/02/2020   C-4 Books
  Dewey Decimal Classification     Non-fiction Central Library, University of Rajshahi Central Library, University of Rajshahi   14/08/1975 USIS Dhaka     810.08 EME 1965 04/02/2020   C-5 Books